| 000 | 01222nas a2200385 4500 | ||
|---|---|---|---|
| 001 | BR0706744 | ||
| 003 | BR-BrBNA | ||
| 005 | 20231205111040.0 | ||
| 007 | ta | ||
| 008 | 230509b bl.|||p| |||| 00| 00por d | ||
| 040 |
_aBR-BrBNA _bpor _cBiblioteca Nacional de Agricultura |
||
| 041 | _a(Pt) | ||
| 072 | _aQ54; L01; Q04 | ||
| 100 | 1 | _aOliveira, A.S. de | |
| 100 | 1 | _aCampos, J.M. de S. | |
| 100 | 1 | _aValadares Filho, S. de C. | |
| 100 | 1 | _aAssis, A.J. de | |
| 100 | 1 | _aTeixeira, R.M.A. | |
| 100 | 1 | _aValadares, R.F.D. | |
| 100 | 1 | _aPina, D. dos S. | |
| 100 | 1 | _aOliveira, G.S. de | |
| 245 | 1 | _aSubstituição do milho por casca de café ou de soja em dietas para vacas leiteiras: consumo, digestibilidade dos nutrientes, produção e composição do leite | |
| 650 | _aVACA LEITEIRA | ||
| 650 | _aCANA DE AÇÚCAR | ||
| 650 | _aCAFÉ | ||
| 650 | _aSOJA | ||
| 650 | _aDIETA | ||
| 650 | _aCONSUMO | ||
| 650 | _aDIGESTIBILIDADE | ||
| 650 | _aLEITE | ||
| 650 | _aCOMPOSIÇÃO DE ALIMENTO | ||
| 773 | 0 |
_tRevista Brasileira de Zootecnia (Brazil) _xISSN 1516-3598 _g(Jul-Aug 2007), v. 36(4)(suplemento) p. 1172-1182 _wBR0706744 |
|
| 909 |
_a202311 _bLúcia _c55 _dLúcia Elande |
||
| 942 |
_2AGRIS _n0 _cANA |
||
| 999 |
_c190327 _d190327 |
||